[Event "2nd Sharjah Masters International Chess Championship"]
[Site "Sharjah Culture & Chess Club"]
[Date "2018.04.18"]
[Round "8"]
[Board "29"]
[White "Grivas, Efstratios"]
[Black "Sun, Chao"]
[Result "1/2-1/2"]
[WhiteElo "2468"]
[BlackElo "2041"]
[PlyCount "0"]
[EventDate "2018.04.12"]
[EventRounds "9"]
[EventCountry "UAE"]

1. Nf3 {[%clk 1:23:03]} Nf6 {[%clk 1:30:54]} 2. c4 {[%clk 1:23:23]} e6
{[%clk 1:31:18]} 3. Nc3 {[%clk 1:23:46]} d5 {[%clk 1:31:45]} 4. d4
{[%clk 1:24:06]} Bb4 {[%clk 1:32:10]} 5. cxd5 {[%clk 1:24:17]} exd5
{[%clk 1:32:28]} 6. Bg5 {[%clk 1:24:42]} h6 {[%clk 1:32:52]} 7. Bxf6
{[%clk 1:24:58]} Qxf6 {[%clk 1:33:17]} 8. Qb3 {[%clk 1:25:01]} Bxc3+
{[%clk 1:32:01]} 9. Qxc3 {[%clk 1:25:08]} c6 {[%clk 1:32:05]} 10. e3
{[%clk 1:25:29]} O-O {[%clk 1:32:23]} 11. Bd3 {[%clk 1:24:50]} Bf5
{[%clk 1:32:47]} 12. Bxf5 {[%clk 1:25:07]} Qxf5 {[%clk 1:33:13]} 13. O-O
{[%clk 1:25:30]} Nd7 {[%clk 1:33:07]} 14. b4 {[%clk 1:25:41]} Nf6
{[%clk 1:31:38]} 15. a4 {[%clk 1:24:38]} a6 {[%clk 1:26:53]} 16. b5
{[%clk 1:23:41]} axb5 {[%clk 1:26:31]} 17. axb5 {[%clk 1:24:03]} cxb5
{[%clk 1:26:52]} 18. Qb3 {[%clk 1:22:53]} Rfc8 {[%clk 1:13:34]} 19. Rxa8
{[%clk 1:18:44]} Rxa8 {[%clk 1:13:59]} 20. Qxb5 {[%clk 1:18:58]} Qd7
{[%clk 1:13:35]} 21. Qxd7 {[%clk 1:18:34]} Nxd7 {[%clk 1:14:00]} 22. Rb1
{[%clk 1:18:56]} b6 {[%clk 1:10:03]} 23. g3 {[%clk 1:18:25]} Ra2 {[%clk 1:10:25]}
24. Ne5 {[%clk 1:12:47]} Nxe5 {[%clk 1:10:47]} 25. dxe5 {[%clk 1:13:15]} Ra4
{[%clk 1:10:00]} 26. Rxb6 {[%clk 1:05:39]} Re4 {[%clk 1:10:26]} 27. Rb8+
{[%clk 1:05:18]} Kh7 {[%clk 1:10:52]} 28. Rb5 {[%clk 1:05:44]} Rxe5
{[%clk 1:11:18]} 29. Kf1 {[%clk 1:06:05]} g5 {[%clk 0:58:00]} 30. h3
{[%clk 1:05:14]} h5 {[%clk 0:57:18]} 31. g4 {[%clk 1:05:19]} hxg4
{[%clk 0:57:37]} 32. hxg4 {[%clk 1:05:47]} Re4 {[%clk 0:57:55]} 33. Rxd5
{[%clk 1:06:10]} Rxg4 {[%clk 0:58:04]} 34. f3 {[%clk 1:06:32]} Ra4
{[%clk 0:58:17]} 35. Rxg5 {[%clk 1:06:59]} Kh6 {[%clk 0:58:42]} 36. Rg8
{[%clk 1:06:55]} Ra2 {[%clk 0:59:09]} 37. Rg2 {[%clk 1:07:17]} Ra3
{[%clk 0:59:31]} 38. Kf2 {[%clk 1:07:43]} f6 {[%clk 0:59:48]} 39. Rg8
{[%clk 1:07:54]} Kh7 {[%clk 1:00:05]} 40. Rg1 {[%clk 1:08:00]} Ra2+
{[%clk 1:00:27]} 41. Kg3 {[%clk 1:08:18]} Kg6 {[%clk 1:00:54]} 42. Kf4+
{[%clk 1:08:39]} Kf7 {[%clk 1:01:22]} 43. Rd1 {[%clk 1:08:51]} Ra5
{[%clk 1:01:47]} 44. e4 {[%clk 1:09:12]} Kg6 {[%clk 1:01:59]} 45. Kg4
{[%clk 1:08:53]} Rg5+ {[%clk 1:02:24]} 46. Kf4 {[%clk 1:09:16]} Ra5
{[%clk 1:02:51]} 47. Rd8 {[%clk 1:09:36]} Rb5 {[%clk 1:03:18]} 48. Rd5
{[%clk 1:09:28]} Rb1 {[%clk 1:03:42]} 49. Ra5 {[%clk 1:09:51]} Rb4
{[%clk 1:03:52]} 50. Ra6 {[%clk 1:08:52]} Rb5 {[%clk 1:04:14]} 51. Kg3
{[%clk 1:08:55]} Re5 {[%clk 1:04:04]} 52. Ra4 {[%clk 1:08:32]} Rb5
{[%clk 1:04:17]} 53. f4 {[%clk 1:08:00]} Rb6 {[%clk 1:02:33]} 54. Kg4
{[%clk 0:57:27]} Rb1 {[%clk 1:02:33]} 55. Ra6 {[%clk 0:53:12]} Rg1+
{[%clk 1:02:56]} 56. Kf3 {[%clk 0:53:35]} Kf7 {[%clk 1:02:28]} 57. Ra7+
{[%clk 0:53:37]} Kf8 {[%clk 0:57:11]} 58. Rc7 {[%clk 0:53:26]} Ke8
{[%clk 0:57:34]} 59. Ke3 {[%clk 0:53:23]} Kf8 {[%clk 0:57:18]} 60. Kd4
{[%clk 0:43:50]} Rf1 {[%clk 0:57:30]} 61. f5 {[%clk 0:43:02]} Rd1+
{[%clk 0:57:57]} 62. Kc5 {[%clk 0:43:07]} Ke8 {[%clk 0:58:04]} 63. Rb7
{[%clk 0:41:35]} Kf8 {[%clk 0:57:59]} 64. Rb4 {[%clk 0:41:29]} Ke7
{[%clk 0:58:24]} 65. Rb7+ {[%clk 0:38:54]} Ke8 {[%clk 0:58:47]} 66. Rb6
{[%clk 0:39:19]} Ke7 {[%clk 0:59:12]} 67. Re6+ {[%clk 0:39:42]} Kf7
{[%clk 0:59:39]} 68. Rd6 {[%clk 0:39:52]} Rc1+ {[%clk 1:00:06]} 69. Kd5
{[%clk 0:40:03]} Ke7 {[%clk 1:00:22]} 70. Re6+ {[%clk 0:39:23]} Kf7
{[%clk 1:00:50]} 71. Rc6 {[%clk 0:39:03]} Rd1+ {[%clk 1:01:18]} 72. Kc5
{[%clk 0:39:25]} Ke7 {[%clk 1:01:41]} 73. Rc7+ {[%clk 0:39:41]} Ke8
{[%clk 1:02:09]} 74. Ra7 {[%clk 0:39:40]} Kf8 {[%clk 1:02:27]} 75. Kc4
{[%clk 0:39:13]} Ke8 {[%clk 1:02:50]} 76. Kc3 {[%clk 0:39:35]} Kf8
{[%clk 1:03:07]} 77. Ra4 {[%clk 0:37:58]} Ke7 {[%clk 1:03:20]} 78. Kc2
{[%clk 0:38:07]} Rd8 {[%clk 1:03

[Event "2nd Sharjah Masters International Chess Championship"]
[Site "Sharjah Culture & Chess Club"]
[Date "2018.04.18"]
[Round "8"]
[Board "35"]
[White "Mohammed, Ahmed Said Al Amri"]
[Black "Poormosavi, Seyed Kian"]
[Result "1/2-1/2"]
[WhiteElo "1785"]
[BlackElo "2218"]
[PlyCount "0"]
[EventDate "2018.04.12"]
[EventRounds "9"]
[EventCountry "UAE"]

1. e4 {[%clk 1:30:57]} c5 {[%clk 1:30:03]} 2. Nf3 {[%clk 1:31:18]} Nc6
{[%clk 1:30:27]} 3. Bb5 {[%clk 1:31:26]} g6 {[%clk 1:30:44]} 4. O-O
{[%clk 1:31:12]} Bg7 {[%clk 1:31:12]} 5. Re1 {[%clk 1:30:56]} Nf6
{[%clk 1:31:36]} 6. c3 {[%clk 1:30:28]} O-O {[%clk 1:30:35]} 7. d4
{[%clk 1:28:36]} cxd4 {[%clk 1:30:16]} 8. cxd4 {[%clk 1:28:48]} d5
{[%clk 1:30:21]} 9. e5 {[%clk 1:28:58]} Ne4 {[%clk 1:30:37]} 10. Nc3
{[%clk 1:26:58]} Nxc3 {[%clk 1:22:22]} 11. bxc3 {[%clk 1:27:15]} Qa5
{[%clk 1:22:47]} 12. Qa4 {[%clk 1:23:29]} Qxa4 {[%clk 1:14:47]} 13. Bxa4
{[%clk 1:23:39]} Bd7 {[%clk 1:15:08]} 14. Ba3 {[%clk 1:21:05]} Rfe8
{[%clk 1:13:32]} 15. Rab1 {[%clk 1:18:19]} b6 {[%clk 1:12:50]} 16. Bb3
{[%clk 1:17:22]} e6 {[%clk 1:12:04]} 17. Nd2 {[%clk 1:06:33]} Rec8
{[%clk 1:11:40]} 18. Bd1 {[%clk 1:01:50]} Na5 {[%clk 1:09:55]} 19. Bb4
{[%clk 1:00:13]} Bh6 {[%clk 1:10:16]} 20. Rb2 {[%clk 0:51:16]} Bxd2
{[%clk 1:09:12]} 21. Rxd2 {[%clk 0:51:45]} Nc4 {[%clk 1:10:10]} 22. Rc2
{[%clk 0:52:11]} a5 {[%clk 1:10:29]} 23. Be7 {[%clk 0:52:38]} Ra7
{[%clk 1:09:34]} 24. Rc1 {[%clk 0:48:30]} Rac7 {[%clk 1:02:09]} 25. Be2
{[%clk 0:46:53]} Nb2 {[%clk 0:56:59]} 26. Ba6 {[%clk 0:44:45]} Ra8
{[%clk 0:44:41]} 27. Bd6 {[%clk 0:44:51]} Rca7 {[%clk 0:42:29]} 28. Ba3
{[%clk 0:44:36]} Rxa6 {[%clk 0:41:09]} 29. Bxb2 {[%clk 0:45:02]} Rc8
{[%clk 0:41:31]} 30. Ba3 {[%clk 0:45:06]} Bb5 {[%clk 0:40:34]} 31. Bd6
{[%clk 0:45:34]} Bc4 {[%clk 0:39:54]} 32. a3 {[%clk 0:45:55]} Rc6
{[%clk 0:39:24]} 33. f4 {[%clk 0:45:41]} Ra8 {[%clk 0:36:02]} 34. Kf2
{[%clk 0:46:07]} Bd3 {[%clk 0:35:59]} 35. Ke3 {[%clk 0:46:13]} Be4
{[%clk 0:35:26]} 36. g3 {[%clk 0:46:35]} f5 {[%clk 0:33:58]} 37. Kd2
{[%clk 0:43:43]} Rac8 {[%clk 0:33:49]} 38. Re3 {[%clk 0:42:24]} Kf7
{[%clk 0:33:14]} 39. Ree1 {[%clk 0:42:49]} h6 {[%clk 0:32:58]} 40. Rg1
{[%clk 0:41:14]} g5 {[%clk 0:31:43]} 41. h3 {[%clk 0:31:21]} Rc4 {[%clk 0:26:12]}
42. Rge1 {[%clk 0:31:35]} Ra4 {[%clk 0:25:14]} 43. Ra1 {[%clk 0:31:30]} Rac4
{[%clk 0:22:13]} 44. Rac1 {[%clk 0:31:57]} Rg8 {[%clk 0:21:30]} 45. Rg1
{[%clk 0:32:22]} Ke8 {[%clk 0:21:11]} 46. fxg5 {[%clk 0:31:08]} hxg5
{[%clk 0:21:13]} 47. h4 {[%clk 0:31:33]} Rh8 {[%clk 0:18:59]} 48. hxg5
{[%clk 0:30:46]} Rh2+ {[%clk 0:17:51]} 49. Ke3 {[%clk 0:30:53]} Kf7
{[%clk 0:18:11]} 50. Rgf1 {[%clk 0:27:07]} Kg6 {[%clk 0:17:49]} 51. Rf2
{[%clk 0:24:40]} Rxf2 {[%clk 0:16:52]} 52. Kxf2 {[%clk 0:25:08]} Kxg5
{[%clk 0:17:15]} 53. Be7+ {[%clk 0:24:41]} Kg4 {[%clk 0:16:50]} 54. Bd8
{[%clk 0:24:53]} Rc8 {[%clk 0:09:52]} 55. Bf6 {[%clk 0:17:18]} Rc7
{[%clk 0:09:52]} 56. Bh4 {[%clk 0:09:02]} b5 {[%clk 0:09:16]} 57. Bd8
{[%clk 0:07:10]} Rc8 {[%clk 0:09:10]} 58. Be7 {[%clk 0:05:24]} Rh8
{[%clk 0:06:54]} 59. Bh4 {[%clk 0:04:34]} f4 {[%clk 0:06:28]} 60. Rg1
{[%clk 0:05:04]} Rc8 {[%clk 0:05:54]} 61. Be7 {[%clk 0:05:24]} Rxc3
{[%clk 0:05:39]} 62. gxf4+ {[%clk 0:05:47]} Kxf4 {[%clk 0:05:55]} 63. Bg5+
{[%clk 0:05:28]} Kf5 {[%clk 0:06:13]} 64. Bd2 {[%clk 0:05:56]} Rf3+
{[%clk 0:03:35]} 65. Ke2 {[%clk 0:06:25]} Rf4 {[%clk 0:03:54]} 66. Bxf4
{[%clk 0:06:18]} Kxf4 {[%clk 0:04:23]} 67. Kd2 {[%clk 0:06:39]} Bf5
{[%clk 0:02:44]} 68. Kc3 {[%clk 0:06:28]} Ke3 {[%clk 0:03:09]} 69. Re1+
{[%clk 0:06:34]} Kf2 {[%clk 0:02:51]} 70. Rh1 {[%clk 0:06:52]} Ke3
{[%clk 0:02:59]} 71. Rf1 {[%clk 0:06:33]} Bg4 {[%clk 0:01:56]} 72. Rh1
{[%clk 0:05:11]} Bf5 {[%clk 0:02:09]} 73. Re1+ {[%clk 0:05:27]} Kf2
{[%clk 0:02:36]} 74. Kd2 {[%clk 0:05:55]} Kf3 {[%clk 0:01:21]} 75. Rf1+
{[%clk 0:06:11]} Ke4 {[%clk 0:01:47]} 76. Kc3 {[%clk 0:06:37]} Bg4
{[%clk 0:01:14]} 77. Rb1 {[%clk 0:06:11]} Be2 {[%clk 0:01:31]} 78. Re1
{[%clk

[Event "2nd Sharjah Masters International Chess Championship"]
[Site "Sharjah Culture & Chess Club"]
[Date "2018.04.19"]
[Round "9"]
[Board "1"]
[White "Kryvoruchko, Yuriy"]
[Black "Maghsoodloo, Parham"]
[Result "1/2-1/2"]
[WhiteElo "2703"]
[BlackElo "2615"]
[PlyCount "0"]
[EventDate "2018.04.12"]
[EventRounds "9"]
[EventCountry "UAE"]

1. e4 {[%clk 1:30:57]} e5 {[%clk 1:16:03]} 2. Nf3 {[%clk 1:31:16]} Nc6
{[%clk 1:16:24]} 3. Bc4 {[%clk 1:31:36]} Nf6 {[%clk 1:16:47]} 4. d3
{[%clk 1:31:52]} Be7 {[%clk 1:16:00]} 5. O-O {[%clk 1:32:08]} O-O
{[%clk 1:16:27]} 6. Re1 {[%clk 1:32:22]} d6 {[%clk 1:16:45]} 7. a4
{[%clk 1:32:21]} Kh8 {[%clk 1:13:53]} 8. h3 {[%clk 1:32:23]} Ng8 {[%clk 1:11:03]}
9. Nc3 {[%clk 1:32:31]} f5 {[%clk 1:11:21]} 10. Nd5 {[%clk 1:32:53]} Nf6
{[%clk 1:05:12]} 11. Ng5 {[%clk 1:31:42]} Nxd5 {[%clk 0:55:06]} 12. Nxh7
{[%clk 1:30:08]} Nf6 {[%clk 0:55:33]} 13. Nxf6 {[%clk 1:29:47]} g6
{[%clk 0:56:02]} 14. Nd5 {[%clk 1:28:03]} f4 {[%clk 0:56:30]} 15. c3
{[%clk 1:19:39]} Kg7 {[%clk 0:53:37]} 16. d4 {[%clk 1:16:38]} Bh4
{[%clk 0:36:51]} 17. Bf1 {[%clk 1:07:34]} Qg5 {[%clk 0:27:29]} 18. Qd3
{[%clk 1:00:34]} Rf7 {[%clk 0:26:57]} 19. g3 {[%clk 0:53:08]} Nd8
{[%clk 0:26:06]} 20. dxe5 {[%clk 0:39:32]} dxe5 {[%clk 0:26:22]} 21. Bg2
{[%clk 0:38:38]} Ne6 {[%clk 0:26:34]} 22. c4 {[%clk 0:34:47]} c6 {[%clk 0:20:49]}
23. gxh4 {[%clk 0:32:48]} Qxh4 {[%clk 0:20:32]} 24. Qc3 {[%clk 0:33:14]} cxd5
{[%clk 0:18:23]} 25. Qxe5+ {[%clk 0:33:18]} Kh7 {[%clk 0:18:52]} 26. exd5
{[%clk 0:26:08]} Ng5 {[%clk 0:19:06]} 27. Ra3 {[%clk 0:26:34]} Bd7
{[%clk 0:17:23]} 28. Qd6 {[%clk 0:25:41]} Raf8 {[%clk 0:14:58]} 29. Re7
{[%clk 0:22:16]} Nxh3+ {[%clk 0:12:33]} 30. Rxh3 {[%clk 0:21:15]} Bxh3
{[%clk 0:12:57]} 31. Rxf7+ {[%clk 0:21:39]} Rxf7 {[%clk 0:13:21]} 32. Bxh3
{[%clk 0:21:56]} Qxh3 {[%clk 0:13:49]} 33. Bxf4 {[%clk 0:22:07]} Qg4+
{[%clk 0:13:24]} 34. Bg3 {[%clk 0:22:31]} Qd1+ {[%clk 0:10:34]} 1/2-1/2

[Event "2nd Sharjah Masters International Chess Championship"]
[Site "Sharjah Culture & Chess Club"]
[Date "2018.04.19"]
[Round "9"]
[Board "3"]
[White "Artemiev, Vladislav"]
[Black "Adhiban, B."]
[Result "1/2-1/2"]
[WhiteElo "2701"]
[BlackElo "2661"]
[PlyCount "0"]
[EventDate "2018.04.12"]
[EventRounds "9"]
[EventCountry "UAE"]

1. d4 {[%clk 1:30:50]} d5 {[%clk 1:30:53]} 2. Bf4 {[%clk 1:28:57]} c5
{[%clk 1:31:15]} 3. e3 {[%clk 1:29:07]} Nc6 {[%clk 1:31:41]} 4. Nf3
{[%clk 1:27:07]} Nf6 {[%clk 1:32:09]} 5. Nbd2 {[%clk 1:27:04]} e6
{[%clk 1:32:32]} 6. c3 {[%clk 1:26:50]} cxd4 {[%clk 1:32:59]} 7. cxd4
{[%clk 1:26:54]} Qb6 {[%clk 1:33:06]} 8. Rb1 {[%clk 1:21:32]} Nh5
{[%clk 1:33:04]} 9. Bg5 {[%clk 1:10:14]} h6 {[%clk 1:33:26]} 10. Bh4
{[%clk 1:10:30]} g5 {[%clk 1:33:51]} 11. Bg3 {[%clk 1:08:45]} g4 {[%clk 1:24:27]}
12. Ne5 {[%clk 0:56:14]} Nxg3 {[%clk 1:24:43]} 13. hxg3 {[%clk 0:56:38]} Nxe5
{[%clk 1:25:09]} 14. dxe5 {[%clk 0:57:01]} h5 {[%clk 1:25:04]} 15. Qa4+
{[%clk 0:51:53]} Bd7 {[%clk 1:24:50]} 16. Qd4 {[%clk 0:52:17]} Bg7
{[%clk 1:07:38]} 17. Bd3 {[%clk 0:34:54]} Rc8 {[%clk 0:50:47]} 18. f4
{[%clk 0:28:25]} Ke7 {[%clk 0:40:25]} 19. Ke2 {[%clk 0:25:00]} Qxd4
{[%clk 0:39:22]} 20. exd4 {[%clk 0:25:24]} f5 {[%clk 0:39:47]} 21. Nb3
{[%clk 0:22:55]} b6 {[%clk 0:38:46]} 22. Ba6 {[%clk 0:14:22]} Rc7
{[%clk 0:31:28]} 23. Rbc1 {[%clk 0:14:09]} Kd8 {[%clk 0:28:20]} 24. Rxc7
{[%clk 0:11:42]} Kxc7 {[%clk 0:28:48]} 25. Rc1+ {[%clk 0:11:11]} Kb8
{[%clk 0:22:41]} 26. Nd2 {[%clk 0:11:22]} Bc8 {[%clk 0:22:10]} 27. Bd3
{[%clk 0:11:06]} Bd7 {[%clk 0:21:40]} 28. Ba6 {[%clk 0:10:00]} Bc8
{[%clk 0:22:04]} 29. Bb5 {[%clk 0:10:09]} a6 {[%clk 0:22:05]} 30. Bd3
{[%clk 0:09:37]} Kb7 {[%clk 0:19:03]} 1/2-1/2

[Event "2nd Sharjah Masters International Chess Championship"]
[Site "Sharjah Culture & Chess Club"]
[Date "2018.04.19"]
[Round "9"]
[Board "4"]
[White "Mareco, Sandro"]
[Black "Naiditsch, Arkadij"]
[Result "1/2-1/2"]
[WhiteElo "2645"]
[BlackElo "2701"]
[PlyCount "0"]
[EventDate "2018.04.12"]
[EventRounds "9"]
[EventCountry "UAE"]

1. d4 Nf6 2. c4 e6 3. Nf3 d5 4. g3 Bb4+ 5. Bd2 Be7 6. Bg2 O-O 7. O-O c6 8. Bc3
Ne4 9. e3 b5 10. c5 a5 11. a3 Nd7 12. b4 f5 13. Bb2 Bb7 14. Nc3 Nxc3 15. Bxc3 a4
16. Ne5 Nxe5 17. dxe5 g5 18. f4 g4 19. h3 h5 20. hxg4 hxg4 21. Kf2 Kf7 22. Rh1
Rh8 23. Rxh8 Qxh8 24. Qd3 Rd8 25. Rh1 Qg7 26. Qd1 Rh8 27. Bd4 Kg8 28. Rxh8+ Qxh8
29. Qh1 Qxh1 30. Bxh1 Kf7 31. Bg2 1/2-1/2

[Event "2nd Sharjah Masters International Chess Championship"]
[Site "Sharjah Culture & Chess Club"]
[Date "2018.04.19"]
[Round "9"]
[Board "5"]
[White "Eljanov, Pavel"]
[Black "Adly, Ahmed"]
[Result "1/2-1/2"]
[WhiteElo "2700"]
[BlackElo "2626"]
[PlyCount "0"]
[EventDate "2018.04.12"]
[EventRounds "9"]
[EventCountry "UAE"]

1. d4 {[%clk 1:30:33]} d5 {[%clk 1:30:40]} 2. c4 {[%clk 1:30:46]} e6
{[%clk 1:31:08]} 3. Nf3 {[%clk 1:30:06]} Nf6 {[%clk 1:31:32]} 4. g3
{[%clk 1:30:26]} dxc4 {[%clk 1:31:57]} 5. Bg2 {[%clk 1:30:47]} Nbd7
{[%clk 1:32:10]} 6. O-O {[%clk 1:30:32]} a6 {[%clk 1:31:16]} 7. a4
{[%clk 1:20:43]} Rb8 {[%clk 1:31:22]} 8. a5 {[%clk 1:20:38]} Bd6 {[%clk 1:30:14]}
9. Nbd2 {[%clk 1:16:54]} b5 {[%clk 1:30:38]} 10. axb6 {[%clk 1:17:20]} Nxb6
{[%clk 1:31:05]} 11. Nxc4 {[%clk 1:02:38]} Nxc4 {[%clk 1:30:49]} 12. Qa4+
{[%clk 1:03:05]} Rb5 {[%clk 1:12:16]} 13. Qxc4 {[%clk 1:03:27]} O-O
{[%clk 1:12:44]} 14. Rd1 {[%clk 0:58:31]} Bb7 {[%clk 1:01:27]} 15. Ne1
{[%clk 0:54:31]} Qa8 {[%clk 1:00:04]} 16. Qxb5 {[%clk 0:52:38]} axb5
{[%clk 1:00:31]} 17. Rxa8 {[%clk 0:53:03]} Bxa8 {[%clk 1:00:57]} 18. Nd3
{[%clk 0:53:12]} Bd5 {[%clk 0:52:49]} 19. Bxd5 {[%clk 0:51:11]} Nxd5
{[%clk 0:53:17]} 20. Bd2 {[%clk 0:50:52]} Ra8 {[%clk 0:49:32]} 21. e4
{[%clk 0:43:22]} Nb6 {[%clk 0:49:55]} 22. Rc1 {[%clk 0:41:25]} Ra4
{[%clk 0:49:36]} 23. Be3 {[%clk 0:39:44]} Rc4 {[%clk 0:49:53]} 24. b3
{[%clk 0:31:46]} Rxc1+ {[%clk 0:49:14]} 25. Bxc1 {[%clk 0:32:11]} Kf8
{[%clk 0:45:10]} 26. Kf1 {[%clk 0:32:31]} Ke8 {[%clk 0:45:24]} 27. Ke2
{[%clk 0:30:44]} Nd7 {[%clk 0:45:04]} 28. Be3 {[%clk 0:26:56]} c6
{[%clk 0:43:25]} 29. f3 {[%clk 0:20:55]} g6 {[%clk 0:43:19]} 30. Bd2
{[%clk 0:18:35]} c5 {[%clk 0:41:50]} 1/2-1/2

[Event "2nd Sharjah Masters International Chess Championship"]
[Site "Sharjah Culture & Chess Club"]
[Date "2018.04.19"]
[Round "9"]
[Board "6"]
[White "Sethuraman, S.P."]
[Black "Inarkiev, Ernesto"]
[Result "1/2-1/2"]
[WhiteElo "2631"]
[BlackElo "2680"]
[PlyCount "0"]
[EventDate "2018.04.12"]
[EventRounds "9"]
[EventCountry "UAE"]

1. Nf3 {[%clk 1:30:56]} d5 {[%clk 1:22:19]} 2. c4 {[%clk 1:31:21]} d4
{[%clk 1:22:44]} 3. b4 {[%clk 1:31:46]} g6 {[%clk 1:23:02]} 4. d3
{[%clk 1:31:59]} Bg7 {[%clk 1:23:24]} 5. g3 {[%clk 1:32:23]} b6 {[%clk 1:23:44]}
6. Bg2 {[%clk 1:31:14]} Bb7 {[%clk 1:24:12]} 7. Nbd2 {[%clk 1:30:54]} Nf6
{[%clk 1:14:49]} 8. Nb3 {[%clk 1:24:49]} e5 {[%clk 1:12:51]} 9. O-O
{[%clk 1:23:00]} Nbd7 {[%clk 1:12:50]} 10. a4 {[%clk 1:23:04]} c5
{[%clk 1:03:55]} 11. a5 {[%clk 0:57:42]} cxb4 {[%clk 1:00:16]} 12. Bd2
{[%clk 0:57:05]} O-O {[%clk 0:58:25]} 13. Bxb4 {[%clk 0:55:52]} Re8
{[%clk 0:58:50]} 14. Qc2 {[%clk 0:50:36]} Qc7 {[%clk 0:55:49]} 15. Rfc1
{[%clk 0:45:31]} Bh6 {[%clk 0:45:47]} 16. Rcb1 {[%clk 0:44:26]} Nd5
{[%clk 0:42:05]} 17. Be1 {[%clk 0:44:43]} N5f6 {[%clk 0:42:32]} 18. Bb4
{[%clk 0:44:46]} Nd5 {[%clk 0:42:19]} 19. Be1 {[%clk 0:45:10]} N5f6
{[%clk 0:42:47]} 20. Bb4 {[%clk 0:44:50]} Nb8 {[%clk 0:35:54]} 21. Qb2
{[%clk 0:38:13]} Nfd7 {[%clk 0:33:47]} 22. axb6 {[%clk 0:26:27]} axb6
{[%clk 0:34:07]} 23. Rxa8 {[%clk 0:26:49]} Bxa8 {[%clk 0:34:34]} 24. Qa3
{[%clk 0:27:15]} Bc6 {[%clk 0:23:38]} 25. Bd6 {[%clk 0:25:56]} Qc8
{[%clk 0:24:02]} 26. c5 {[%clk 0:20:16]} bxc5 {[%clk 0:23:56]} 27. Nxc5
{[%clk 0:20:41]} Bf8 {[%clk 0:24:03]} 28. Bxf8 {[%clk 0:14:57]} Nxf8
{[%clk 0:23:57]} 29. h4 {[%clk 0:12:14]} Kg7 {[%clk 0:21:44]} 30. Qa7
{[%clk 0:10:45]} Nbd7 {[%clk 0:19:55]} 31. Rc1 {[%clk 0:05:03]} Qa8
{[%clk 0:16:12]} 32. Qc7 {[%clk 0:03:44]} Qa3 {[%clk 0:13:48]} 33. Ne6+
{[%clk 0:03:28]} Rxe6 {[%clk 0:10:53]} 34. Rxc6 {[%clk 0:03:54]} Rxc6
{[%clk 0:11:07]} 35. Qxc6 {[%clk 0:04:20]} Qe7 {[%clk 0:11:19]} 36. Bh3
{[%clk 0:04:19]} Nf6 {[%clk 0:09:30]} 37. Nd2 {[%clk 0:03:52]} Qb4
{[%clk 0:05:31]} 38. Nf3 {[%clk 0:04:14]} Qe7 {[%clk 0:05:55]} 39. Kg2
{[%clk 0:04:16]} h5 {[%clk 0:05:46]} 40. Nd2 {[%clk 0:03:37]} N8d7
{[%clk 0:01:56]} 41. Qb7 {[%clk 0:04:02]} Ng4 {[%clk 0:00:55]} 42. Nc4
{[%clk 0:04:08]} Qe8 {[%clk 0:00:43]} 43. Qc6 {[%clk 0:02:34]} Qe7
{[%clk 0:00:51]} 44. Qc7 {[%clk 0:02:25]} Qe8 {[%clk 0:00:50]} 45. Qb7
{[%clk 0:01:46]} Kf8 {[%clk 0:00:40]} 46. Qd5 {[%clk 0:01:47]} Qe7
{[%clk 0:00:57]} 47. Qa8+ {[%clk 0:01:28]} Kg7 {[%clk 0:01:25]} 48. Qb7
{[%clk 0:01:49]} Kf8 {[%clk 0:01:49]} 49. Kg1 {[%clk 0:01:44]} Qe8
{[%clk 0:01:59]} 50. Nd6 {[%clk 0:01:37]} Qe6 {[%clk 0:01:24]} 51. Qc8+
{[%clk 0:01:32]} Ke7 {[%clk 0:01:36]} 52. Nc4 {[%clk 0:01:30]} f5
{[%clk 0:01:50]} 53. Qb7 {[%clk 0:01:45]} Ngf6 {[%clk 0:01:53]} 54. Bg2
{[%clk 0:02:00]} e4 {[%clk 0:01:49]} 55. Qb4+ {[%clk 0:02:26]} Kd8
{[%clk 0:02:13]} 56. Qa5+ {[%clk 0:01:30]} Ke7 {[%clk 0:02:31]} 57. Qa3+
{[%clk 0:01:56]} Kf7 {[%clk 0:02:14]} 58. Qa1 {[%clk 0:01:37]} Qd5
{[%clk 0:02:08]} 59. Qa7 {[%clk 0:01:44]} Kg7 {[%clk 0:01:46]} 60. Qa3
{[%clk 0:01:05]} Qc5 {[%clk 0:01:53]} 61. Qxc5 {[%clk 0:00:57]} Nxc5
{[%clk 0:02:21]} 62. Ne5 {[%clk 0:01:06]} Ng4 {[%clk 0:01:50]} 63. Nc6
{[%clk 0:01:30]} exd3 {[%clk 0:01:43]} 64. exd3 {[%clk 0:01:47]} Nxd3
{[%clk 0:02:10]} 65. f3 {[%clk 0:02:14]} Ne3 {[%clk 0:02:03]} 66. Nxd4
{[%clk 0:02:35]} f4 {[%clk 0:02:25]} 67. Bf1 {[%clk 0:01:07]} Nxf1
{[%clk 0:01:21]} 68. Kxf1 {[%clk 0:01:33]} fxg3 {[%clk 0:01:05]} 69. Kg2
{[%clk 0:01:59]} Kf6 {[%clk 0:00:48]} 70. Kxg3 {[%clk 0:02:24]} Ke5
{[%clk 0:01:16]} 71. Nc6+ {[%clk 0:02:32]} Kd6 {[%clk 0:01:38]} 72. Nd4
{[%clk 0:01:37]} Kd5 {[%clk 0:02:06]} 73. Nc2 {[%clk 0:01:49]} Ke5
{[%clk 0:02:30]} 74. Ne3 {[%clk 0:02:10]} Nb4 {[%clk 0:02:35]} 75. Nc4+
{[%clk 0:02:21]} Kd5 {[%clk 0:02:13]} 76. Kf4 {[%clk 0:01:58]} Kxc4
{[%clk 0:02:03]} 77. Kg5 {[%clk 0:02:24]} Kd5 {[%clk 0:01:28]} 78. Kxg6
{[%clk 0:02:45]} Ke6